Sustainable Tourism : (Record no. 17117)

MARC details
000 -LEADER
fixed length control field 00434nam a22001697a 4500
003 - CONTROL NUMBER IDENTIFIER
control field OSt
005 - DATE AND TIME OF LATEST TRANSACTION
control field 20231106154130.0
008 - FIXED-LENGTH DATA ELEMENTS--GENERAL INFORMATION
fixed length control field 180808b xxu||||| |||| 00| 0 eng d
020 ## - INTERNATIONAL STANDARD BOOK NUMBER
International Standard Book Number 025972
040 ## - CATALOGING SOURCE
Transcribing agency KABU
050 ## - LIBRARY OF CONGRESS CALL NUMBER
Classification number G155.5 .S87 2002
245 ## - TITLE STATEMENT
Title Sustainable Tourism :
Remainder of title A Global Perspective/
Statement of responsibility, etc. Edited by Rob Harris,
260 ## - PUBLICATION, DISTRIBUTION, ETC. (IMPRINT)
Place of publication, distribution, etc. Boston
Name of publisher, distributor, etc. Butterworth
300 ## - PHYSICAL DESCRIPTION
Extent xvii, 311p.
650 ## - SUBJECT ADDED ENTRY--TOPICAL TERM
Topical term or geographic name as entry element Ecotourism
942 ## - ADDED ENTRY ELEMENTS (KOHA)
Source of classification or shelving scheme Library of Congress Classification
Koha item type General Collection
Holdings
Withdrawn status Lost status Source of classification or shelving scheme Not for loan Home library Current library Date acquired Cost, normal purchase price Total Checkouts Full call number Barcode Date last seen Date last checked out Price effective from Koha item type
    Library of Congress Classification   Kabarak, Main Campus Kabarak, Main Campus 08/08/2018 5475.00 1 G155.5 .S87 2002 c.1 025972 25/02/2022 11/02/2022 08/08/2018 General Collection
Designed with assistance from East African Informatics Ltd